000 00357nam a2200145Ia 4500
008 230917s9999||||xx |||||||||||||| ||und||
040 _e35025
_aMAIN
041 _aEnglish
082 _a416 P182P
100 _aPalmer, F R, ed.
245 0 _aProsedic analysis
260 _aLondon
_bOxford University Press
_c1970
300 _axvii, 256 p.
942 _cBK
999 _c148779
_d148779